00263nam a22001217a 4500020001500000040000800015082002800023100002100051245003300072260000900105942001000114999001700124 a2871050058 cDLC a 635 DUP 1987 C289 Or.1 a Dupriez, Hugues aJardins et vergers d'Afrique c1987 cAEDBB c22412d22412